000 00878nam a2200253Ia 4500
003 OSt
005 20220923215548.0
006 a|||||r|||| 00| 0
007 ta
008 220922b |||||||| |||| 00| 0 hin d
024 _a179,807
037 _cTextual
040 _aARTS
_cARTS
_bhin
041 _2hin
_ahin
082 _aO152,1J32:g, N2
100 _aचतुर्वेदी, हरिहर प्रसाद
245 0 _aतुलसी लोक यज्ञ
246 _aTulasī lok yagna
260 _aवाराणसी
_b लोक साधना केन्द्र प्रकाशन
_c1992
300 _a268 पृ.
_ccm.
650 _aहिन्दी साहित्य
_9156264
942 _hO152,1J32:g, N2
_cTEXL
_2CC
999 _c333188
_d333188